00808nam a22002057a 4500003000400000005001700004008004100021020001500062040002900077050002300106100004700129245004200176260002700218300003500245650005900280650007300339942001500412952015800427999001700585OSt20260617155213.0260617b |||||||| |||| 00| 0 eng d a1416601716 cChuka University Library aLB 1576 b.U7 2005 aUrquhart Vicki and Marclver Monette929883 aTeaching Writing in the Content Areas aAlexandriabASCDc2005 av, 169PbColored Illustrations aLanguage Arts-Correlation with Content Subjects927681 aEnglish Language-Composition and Exercises-Study and Teaching927715 2lcccBKn0 00102lcc40708LGLaCHKbCHKcGENd2026-06-17eDonations From Books For Africal0oLB 1576 .U7 2005p35191/2026r2026-06-17 15:54:21t1w2026-06-17yBK c24636d24636